South of the Border (Lyrics) - Ed Sheeran ft. Camila Cabello & Cardi B - Statistics

General Stats
  • This quiz has been taken 16 times
  • The average score is 385 of 500
Answer Stats
Answers % Correct
a
100%
A
100%
be
100%
brown
100%
Come
100%
come
100%
free
100%
free,
100%
Go
100%
got
100%
I
100%
in
100%
in)
100%
Jump
100%
me
100%
me,
100%
She
100%
she
100%
So
100%
that
100%
the
100%
The
100%
water,
100%
water
100%
an
91%
And
91%
and
91%
beautiful
91%
border
91%
eyes,
91%
eyes
91%
He
91%
he
91%
of
91%
on
91%
smile
91%
south
91%
sweat,
91%
this
91%
want
91%
when
91%
with
91%
am
82%
Am
82%
but
82%
darling
82%
green
82%
Green
82%
hair
82%
I'm
82%
Long
82%
love
82%
no
82%
Push
82%
ring,
82%
thighs
82%
to
82%
up
82%
wanna
82%
we
82%
wedding
82%
white
82%
you
82%
You
82%
across
73%
angels
73%
bed
73%
caramel
73%
crazy
73%
dress
73%
from
73%
her
73%
her,
73%
join
73%
kiss
73%
Kiss
73%
know
73%
looking
73%
my
73%
name
73%
name,
73%
really
73%
saw
73%
Saw
73%
sing
73%
"Te
73%
te
73%
way
73%
won't
73%
your
73%
amo
64%
came
64%
do
64%
drives
64%
fever
64%
get
64%
gonna
64%
gotta
64%
his
64%
jungle
64%
just
64%
less
64%
life
64%
like
64%
lips
64%
little
64%
mami
64%
mami"
64%
more
64%
now
64%
put
64%
say
64%
says
64%
she's
64%
stop
64%
time
64%
(Time
64%
until
64%
Until
64%
wearing
64%
words
64%
words,
64%
curves,
55%
diamonds
55%
dream
55%
glad
55%
is
55%
Lamborghini
55%
live
55%
lover
55%
margarita
55%
need
55%
never
55%
Never
55%
risk
55%
suddenly
55%
taking
55%
thing
55%
think
55%
wants
55%
all
45%
baby,
45%
Drop
45%
drop
45%
girl
45%
giving
45%
hers
45%
ice
45%
(ice)
45%
it
45%
Jordan
45%
mamacita
45%
or
45%
shine,
45%
signs
45%
than
45%
till
45%
type
45%
vice?
45%
are
36%
ball
36%
could
36%
Don't
36%
Ed
36%
exploring,
36%
hips,
36%
leave
36%
Man
36%
Michael
36%
out,
36%
same
36%
see
36%
tongue
36%
we'll
36%
yeah
36%
(ah)
27%
Aires
27%
album,
27%
boring
27%
Buenos
27%
'cause
27%
finally
27%
Flawless
27%
genie
27%
Legs
27%
prefer
27%
Pull
27%
rising
27%
something
27%
spot,
27%
sun's
27%
wake
27%
watching
27%
whips
27%
closet,
18%
field
18%
foreign
18%
open,
18%
rub
18%
Bust
9%
forest,
9%
furs
9%
near
9%
pouring,
9%
rain
9%
No matching quizzes found
Score Distribution
Percent of People with Each Score
Percentile by Number Answered
Your Score History
You have not taken this quiz